zpět

Detail výsledku týmu

U Pošty - Vinohrady ČT, Praha

Datum a čas kvízu

21 Celkem bodů Celkový počet nahraných bodů na tomto kvízu bez doplňovacích otázek.
11. Pořadí na kvízu Konečné umístění týmu na tomto kvízu.

Zaznamenané odpovědi

# Otázka Odpověď Body Výsledky
1. Před lety investoval 47letý mo... Láďa Hruška 0
2. Cukrárna Café Lieb v německém... C) na tancích a s děly 1
3. Jak se jmenuje město na Svitav... Moravská Třebová 0
4. V odborné anketě Světové auto... Kia 0
5. V těchto dnech začíná play-off... Dallas Stars 0
6. Tonga a Togo sice mají podobné... D 1
7. Dříve v Prusku, nyní v Rusku.... Kaliningrad 1
8. Mezi kterou dvojicí sídel v na... B 1
9. Který jazyk je úředním na územ... angličtina; španělština 1
10. Ke kvízu patří i pivo, které s... Turnov; Trutnov 0.5